000
00303nam a22001097a 4500
082
_a
BIT-10 AHM
245
_a
Kite flying simulation
260
_a
islamabad
_b
NUST SEECS
_c
2013
500
_a
supervisior:Dr Hamid mukhtar
856
_u
http://10.250.8.41:8080/xmlui/handle/123456789/10613
942
_c
PR
_2
ddc
999
_c
12814
_d
12814